书目信息 |
| 题名: |
电子技术基础
|
|
| 作者: | 蔡孟博 编 | |
| 分册: | ||
| 出版信息: | 北京 中国铁道出版社 1983 |
|
| 页数: | 246页 | |
| 开本: | 19cm | |
| 丛书名: | ||
| 单 册: | ||
| 中图分类: | TN01 , TN1 | |
| 科图分类: | ||
| 主题词: | 电子技术 , 真空电子技术 | |
| 电子资源: | ||
| ISBN: | ||
| 000 | 00725nam0 2200277 45 | |
| 001 | 0183000366 | |
| 005 | 20040708173029.9 | |
| 010 | @dCNY0.70 | |
| 091 | @a15043.4134 | |
| 100 | @a19950614d1983 em y0chiy0121 ea | |
| 101 | 0 | @achi |
| 102 | @aCN@b110000 | |
| 105 | @ay z 000yy | |
| 106 | @ar | |
| 200 | 10 | @a电子技术基础@Adian zi ji shu ji chu@f蔡孟博等编@FCai Meng Bo Deng Bian |
| 210 | @a北京@c中国铁道出版社@d1983 | |
| 215 | @a246页@d19cm | |
| 300 | @a初级技术理论教育用书 | |
| 606 | @a电子技术 | |
| 606 | 0 | @a真空电子技术 |
| 690 | @aTN01@v3 | |
| 690 | @aTN1@v3 | |
| 701 | 0 | @a蔡孟博@Acai meng bo@4编 |
| 801 | 0 | @aCN@b上海图书馆@c20040520 |
| 801 | 2 | @aCN@bNLC@c20040520 |
| 905 | @dTN1@e23@f1@b105348 | |
| 电子技术基础/蔡孟博等编.-北京:中国铁道出版社,1983 |
| 246页;19cm |
| 初级技术理论教育用书 |
| ISBN :CNY0.70 |
| ● |
| 相关链接 |
|
|
|
|
正题名:电子技术基础
索取号:TN1/23
 
预约/预借
| 序号 | 登录号 | 条形码 | 馆藏地/架位号 | 状态 | 备注 |
| 1 | 0105346 | 001349712 | 密集书库/ [索取号:TN1/23] | 在馆 | |
| 2 | 0105347 | 001349678 | 第三借阅区/ [索取号:TN1/23] | 在馆 | |
| 3 | 0105348 | 001955405 | 密集书库/ [索取号:TN1/23] | 在馆 | |
| 4 | 0105349 | 001349632 | 密集书库/ [索取号:TN1/23] | 在馆 | |
| 5 | 0105350 | 001349758 | 第二样本阅览室/ [索取号:TN1/23] | 在馆 |